Improvised Cities : Architecture, Urbanization, and Innovation in Peru /
Beginning in the 1950s, an explosion in rural-urban migration dramatically increased the population of cities throughout Peru, leading to an acute housing shortage and the proliferation of self-built shelters clustered in barriadas, or squatter settlements. Improvised Cities examines the history of...
| Clasificación: | Libro Electrónico |
|---|---|
| Autor principal: | |
| Formato: | Electrónico eBook |
| Idioma: | Inglés |
| Publicado: |
Baltimore, Maryland :
Project Muse,
2019
|
| Colección: | Culture, politics, and the built environment.
Book collections on Project MUSE. |
| Temas: | |
| Acceso en línea: | Texto completo |
MARC
| LEADER | 00000cam a22000004a 4500 | ||
|---|---|---|---|
| 001 | musev2_64264 | ||
| 003 | MdBmJHUP | ||
| 005 | 20230905050621.0 | ||
| 006 | m o d | ||
| 007 | cr||||||||nn|n | ||
| 008 | 190322s2019 pau o 00 0 eng d | ||
| 020 | |a 9780822986386 | ||
| 020 | |z 9780822945369 | ||
| 035 | |a (OCoLC)1089833123 | ||
| 040 | |a MdBmJHUP |c MdBmJHUP | ||
| 043 | |a s-pe--- | ||
| 050 | 4 | |a HD7287.96.P4 |b G94 2019 | |
| 082 | 0 | |a 363.5/10985 |2 23 | |
| 100 | 1 | |a Gyger, Helen, |e author. | |
| 245 | 1 | 0 | |a Improvised Cities : |b Architecture, Urbanization, and Innovation in Peru / |c Helen Gyger. |
| 264 | 1 | |a Baltimore, Maryland : |b Project Muse, |c 2019 | |
| 264 | 3 | |a Baltimore, Md. : |b Project MUSE, |c 2019 | |
| 264 | 4 | |c ©2019 | |
| 300 | |a 1 online resource (456 pages): |b illustrations (some color), maps (some color). | ||
| 336 | |a text |b txt |2 rdacontent | ||
| 337 | |a computer |b c |2 rdamedia | ||
| 338 | |a online resource |b cr |2 rdacarrier | ||
| 490 | 0 | |a Culture, politics, and the built environment | |
| 504 | |a Includes bibliographical references (pages 407-424) and index. | ||
| 505 | 0 | |a The challenge of the affordable house, 1954-1958 -- The barriada under the microscope, 1955-1957 -- A profession in development, 1957-1960 -- Mediating informality, 1961-1963 -- World investments, productive homes, 1961-1967 -- Building a better barriada, 1968-1975 -- Revolutions in self-help, 1968-1980 -- Other paths, 1980-1986. | |
| 506 | |a Access restricted to authorized users and institutions. | ||
| 520 | |a Beginning in the 1950s, an explosion in rural-urban migration dramatically increased the population of cities throughout Peru, leading to an acute housing shortage and the proliferation of self-built shelters clustered in barriadas, or squatter settlements. Improvised Cities examines the history of aided self-help housing, or technical assistance to self-builders, which took on a variety of forms in Peru from 1954 to 1986. While the postwar period saw a number of trial projects in aided self-help housing throughout the developing world, Peru was the site of significant experiments in this field and pioneering in its efforts to enact a large-scale policy of land tenure regularization in improvised, unauthorized cities. Gyger focuses on three interrelated themes: the circumstances that made Peru a fertile site for innovation in low-cost housing under a succession of very different political regimes; the influences on, and movements within, architectural culture that prompted architects to consider self-help housing as an alternative mode of practice; and the context in which international development agencies came to embrace these projects as part of their larger goals during the Cold War and beyond. | ||
| 588 | |a Description based on print version record. | ||
| 650 | 0 | |a Squatter settlements |z Peru. | |
| 650 | 0 | |a Self-help housing |z Peru. | |
| 655 | 7 | |a Electronic books. |2 local | |
| 710 | 2 | |a Project Muse, |e distributor. | |
| 776 | 1 | 8 | |i Print version: |z 0822945363 |z 9780822945369 |
| 710 | 2 | |a Project Muse. |e distributor | |
| 830 | 0 | |a Culture, politics, and the built environment. | |
| 830 | 0 | |a Book collections on Project MUSE. | |
| 856 | 4 | 0 | |z Texto completo |u https://projectmuse.uam.elogim.com/book/64264/ |
| 945 | |a Project MUSE - Custom Collection | ||
| 945 | |a Project MUSE - 2019 Latin American and Caribbean Studies | ||
| 945 | |a Project MUSE - 2019 Complete | ||
| 945 | |a Project MUSE - 2019 Global Cultural Studies | ||


